Pale fire / Vladimir Nabokov.
Available copies
- 2 of 2 copies available at LARL/NWRL Consortium.
- 2 of 2 copies available at Lake Agassiz Regional Library. (Show preferred library)
Current holds
0 current holds with 2 total copies.
Show Only Available Copies
| Location | Call Number / Copy Notes | Barcode | Shelving Location | Status | Due Date |
|---|---|---|---|---|---|
| Crookston Public Library | NAB (Text) | 33500009088485 | Main | Available | - |
| Moorhead Public Library | NAB (Text) | 33500009088501 | Main | Available | - |
Record details
- ISBN: 9780679410775
- ISBN: 0679410775
- Physical Description: xxiii, 315 p. ; 22 cm.
- Publisher: New York : Knopf : 1992.
Content descriptions
| Bibliography, etc. Note: | Includes bibliographical references (p. xix) and ... Read More |
| Formatted Contents Note: | Foreword -- Pale fire, a poem in four cantos -- ... Read More |
Search for related items by subject
| Genre: | Experimental fiction. |
Search for related items by series
| LDR | 01407cam a2200337 a 4500 | ||
|---|---|---|---|
| 001 | 81093 | ||
| 003 | LARL_NWRL_CONSORTIUM | ||
| 005 | 20070612153656.0 | ||
| 008 | 910717r19921962nyu b 001 1 eng | ||
| 019 | . | ‡a48762543 ‡a55537792 | |
| 020 | . | ‡a9780679410775 | |
| 020 | . | ‡a0679410775 | |
| 035 | . | ‡a(OCoLC)24467494 ‡z(OCoLC)48762543 ‡z(OCoLC)55537792 | |
| 043 | . | ‡an-us--- | |
| 082 | 0 | 0. | ‡a813/.54 ‡220 |
| 100 | 1 | . | ‡aNabokov, Vladimir Vladimirovich, ‡d1899-1977. ‡0(LARL_NWRL_CONSORTIUM)67276 |
| 245 | 1 | 0. | ‡aPale fire / ‡cVladimir Nabokov. |
| 260 | . | ‡aNew York : ‡bKnopf : ‡bDistributed by Random House, ‡c1992. | |
| 300 | . | ‡axxiii, 315 p. ; ‡c22 cm. | |
| 490 | 0 | . | ‡aEveryman's library |
| 504 | . | ‡aIncludes bibliographical references (p. xix) and index. | |
| 505 | 0 | . | ‡aForeword -- Pale fire, a poem in four cantos -- Commentary -- Index. |
| 655 | 0. | ‡aExperimental fiction. | |
| 901 | . | ‡a81093 ‡bOCLC ‡c81093 ‡tbiblio | |

Add to basket
Permalink
Disable Highlighting